000 00784nam a22002297a 4500
003 OSt
005 20260309073331.0
008 260309b |||||||| |||| 00| 0 eng d
020 _a978-621-406-420-5
040 _aDWCL Main lib
_cOC
082 _aFil. 338.479 M626 2025
100 _aBuenaventura, John Paul Guevarra
245 _aMicro perspective in tourism and hospitality
_cJohn Paul Guevarra Buenaventura
260 _aManila, Philippines:
_bMindshapers,
_cc2025.
300 _ax, 178 pages:
_billustrations;
_c25 cm.
504 _aIncludes bibliographical references.
650 _a1. Hospitality industry -- management.
700 _aElpedia M. Lago
700 _aLiberty Buenaventure-Gutierrez
700 _aMerceditas E. Dela Cruz
942 _2ddc
_cBK - FIL
_kFil.
_n0
999 _c8750
_d8750